Philosophical Foundations of Property Law
| Egile nagusia: | |
|---|---|
| Formatua: | Ezezaguna |
| Argitaratua: |
OUP
|
| LEADER | 00226 a2200097 4500 | ||
|---|---|---|---|
| 020 | |a 978-0199673582 | ||
| 100 | |a J. Penner, H. Smith |9 59390 | ||
| 245 | |a Philosophical Foundations of Property Law | ||
| 260 | |b OUP | ||
| 942 | |c BK | ||
| 999 | |c 47564 |d 47564 | ||